000 00214 a2200097 4500
001 4546
100 _aBraun,E
245 _aProgrammed problems in thermodynamics
260 _a
_bMcgrawhill
_c
090 _c3743
_d3743
942 _aNUST-CAE
_cM
_c29982
999 _c239619
_d239619